000 00303nam a2200121Ia 4500
008 190902s9999||||xx |||||||||||||| ||und||
020 _a978-969-407-153-4
100 _aAndrew m. Hajducki, Q.C.
245 0 _aCivil Jury Trials
260 _aIndia
_bEdinburgh W. Green
_c1998
300 _a216
942 _cBK
999 _c2694
_d2694